[Event "Cheliabinsk Panchenko Memorial op-B"]
[Site "Cheliabinsk"]
[Date "2022.09.19"]
[Round "8"]
[White "Benderac, Ana"]
[Black "Arakelyan, Nare"]
[Result "1/2-1/2"]
[WhiteElo "2173"]
[BlackElo "1917"]
[PlyCount "86"]
[EventDate "2022.09.12"]
[EventType "swiss"]
[EventRounds "10"]
[EventCountry "RUS"]
[SourceTitle "CBM 210 Extra"]
[Source "ChessBase"]
[SourceDate "2022.11.30"]
[SourceVersion "1"]
[SourceVersionDate "2022.11.30"]
[SourceQuality "1"]

1. Nf3 d5 2. g3 Bg4 3. Bg2 Nc6 4. c4 d4 5. b4 Qd7 6. b5 Bxf3 7. Bxf3 Nd8 8. Bb2 e5 9. d3 Nf6 10. Nd2 c6 11. a4 Ne6 12. a5 Ng5 13. Qa4 Nxf3+ 14. Nxf3 Bd6 15. bxc6 bxc6 16. 0-0 0-0 17. Ba3 Rab8 18. Rfb1 e4 19. dxe4 Nxe4 20. Rxb8 Rxb8 21. c5 Bxc5 22. Bxc5 Nxc5 23. Qxd4 Qe7 24. Qc4 Rb2 25. Nd4 Ne6 26. Nxc6 Qf6 27. Rc1 h5 28. Qe4 g6 29. h4 Ra2 30. Kf1 Kg7 31. Qc4 Qb2 32. Qc3+ Qxc3 33. Rxc3 Ra1+ 34. Kg2 a6 35. Rc2 Ra3 36. e3 Kf6 37. Rb2 Nc5 38. Rd2 Ke6 39. Kf3 Nb7 40. Nd4+ Ke7 41. Nc6+ Ke6 42. Nd4+ Ke7 43. Nc6+ Ke6 1/2-1/2

[Event "Cheliabinsk Panchenko Memorial op-B"]
[Site "Cheliabinsk"]
[Date "2022.09.17"]
[Round "6"]
[White "Tomilova, Elena"]
[Black "Arakelyan, Nare"]
[Result "1-0"]
[WhiteElo "2211"]
[BlackElo "1917"]
[PlyCount "69"]
[EventDate "2022.09.12"]
[EventType "swiss"]
[EventRounds "10"]
[EventCountry "RUS"]
[SourceTitle "CBM 210 Extra"]
[Source "ChessBase"]
[SourceDate "2022.11.30"]
[SourceVersion "1"]
[SourceVersionDate "2022.11.30"]
[SourceQuality "1"]

1. c4 c5 2. Nc3 g6 3. g3 Bg7 4. Bg2 Nc6 5. d3 e5 6. a3 a5 7. Nf3 Nge7 8. Nd2 d6 9. Nf1 Be6 10. Ne3 Rb8 11. 0-0 0-0 12. Rb1 Qd7 13. Ned5 Bh3 14. Nb6 Qf5 15. e4 Qe6 16. Ncd5 Bxg2 17. Kxg2 Nc8 18. Nc7 Qe7 19. Nbd5 Qd7 20. Bd2 N8e7 21. Qa4 Nxd5 22. Nxd5 f5 23. f3 b5 24. cxb5 Nd4 25. Qxa5 fxe4 26. dxe4 Nxf3 27. Rxf3 Rxf3 28. Kxf3 Rf8+ 29. Kg2 Qg4 30. Kg1 Qxe4 31. Ne7+ Kh8 32. Re1 Qf3 33. Be3 d5 34. Bxc5 e4 35. Qd2 1-0

[Event "Cheliabinsk Panchenko Memorial op-B"]
[Site "Cheliabinsk"]
[Date "2022.09.16"]
[Round "5"]
[White "Arakelyan, Nare"]
[Black "Volchkova, Alena"]
[Result "1-0"]
[WhiteElo "1917"]
[BlackElo "1738"]
[PlyCount "49"]
[EventDate "2022.09.12"]
[EventType "swiss"]
[EventRounds "10"]
[EventCountry "RUS"]
[SourceTitle "CBM 210 Extra"]
[Source "ChessBase"]
[SourceDate "2022.11.30"]
[SourceVersion "1"]
[SourceVersionDate "2022.11.30"]
[SourceQuality "1"]

1. e4 c5 2. Nf3 d6 3. d4 cxd4 4. Nxd4 Nf6 5. Nc3 a6 6. h3 e5 7. Nde2 h5 8. Bg5 Be6 9. Ng3 Nbd7 10. Be2 g6 11. f4 Rc8 12. f5 Bc4 13. fxg6 fxg6 14. 0-0 Qb6+ 15. Kh1 Bxe2 16. Ngxe2 Be7 17. Bxf6 Nxf6 18. Nd5 Nxd5 19. Qxd5 Kd7 20. Qf7 Rhg8 21. Nc3 Rcf8 22. Qxe7+ Kxe7 23. Nd5+ Ke6 24. Nxb6 Rf4 25. Nd5 1-0

[Event "ARM-ch HL (Women) 77th"]
[Site "Yerevan"]
[Date "2022.01.17"]
[Round "6"]
[White "Arakelyan, Nare"]
[Black "Mkrtchyan, Mariam"]
[Result "0-1"]
[WhiteElo "1912"]
[BlackElo "2300"]
[PlyCount "84"]
[EventDate "2022.01.12"]
[EventType "tourn"]
[EventRounds "9"]
[EventCountry "ARM"]
[SourceTitle "CBM 206 Extra"]
[Source "ChessBase"]
[SourceDate "2022.03.31"]
[SourceVersion "1"]
[SourceVersionDate "2022.03.31"]
[SourceQuality "1"]

1. e4 c6 2. d4 d5 3. Nc3 dxe4 4. Nxe4 Nf6 5. Nxf6+ exf6 6. c3 Bd6 7. Bd3 0-0 8. Qc2 Re8+ 9. Ne2 h5 10. Be3 Nd7 11. 0-0-0 Nf8 12. Kb1 Be6 13. c4 Rc8 14. h3 h4 15. Rhe1 b5 16. c5 Bc7 17. Nc3 Ba5 18. Rg1 Bxc3 19. bxc3 Ng6 20. g3 Qd5 21. Ka1 Kf8 22. Rb1 f5 23. gxh4 Nxh4 24. Rg3 f6 25. Bf4 Kf7 26. Qe2 Rh8 27. Be3 Rc7 28. Rc1 Re7 29. Bf4 g5 30. Bd6 Ree8 31. Qb2 f4 32. c4 bxc4 33. Bxc4 Qe4 34. Ra3 Nf5 35. Rxa7+ Kg6 36. f3 Qxd4 37. Bf1 Ra8 38. Rxa8 Rxa8 39. Qxd4 Rxa2+ 40. Kb1 Nxd4 41. Bd3+ Kf7 42. Re1 Rd2 0-1

[Event "ARM-ch HL (Women) 77th"]
[Site "Yerevan"]
[Date "2022.01.15"]
[Round "4"]
[White "Khachatryan, Veronika"]
[Black "Arakelyan, Nare"]
[Result "0-1"]
[WhiteElo "2007"]
[BlackElo "1912"]
[PlyCount "82"]
[EventDate "2022.01.12"]
[EventType "tourn"]
[EventRounds "9"]
[EventCountry "ARM"]
[SourceTitle "CBM 206 Extra"]
[Source "ChessBase"]
[SourceDate "2022.03.31"]
[SourceVersion "1"]
[SourceVersionDate "2022.03.31"]
[SourceQuality "1"]

1. d4 d5 2. c4 c6 3. Nf3 Nf6 4. Nc3 dxc4 5. a4 Bf5 6. e3 e6 7. Bxc4 Nbd7 8. 0-0 Bb4 9. Nh4 Bg4 10. f3 Bh5 11. g4 g5 12. Ng2 Bg6 13. e4 h6 14. Na2 Be7 15. Be3 Qc7 16. e5 Nd5 17. Bxd5 cxd5 18. Nc3 Qb6 19. Qe2 Rc8 20. f4 f5 21. gxf5 Bxf5 22. fxg5 hxg5 23. Nxd5 Qb3 24. Nc3 a6 25. Rfc1 Nb6 26. Nd1 Kd7 27. a5 Nd5 28. Bf2 Qh3 29. Bg3 Bg4 30. Qd2 Rcf8 31. Nf2 Qh5 32. Nxg4 Qxg4 33. Qd1 Qe4 34. Rc2 Rf3 35. Re2 Qg4 36. Rf2 Rxg3 37. hxg3 Qh3 38. Nh4 Qxg3+ 39. Rg2 Qxh4 40. Qb3 Qh1+ 41. Kf2 Rf8+ 0-1

[Event "ARM-ch (Women) 75th"]
[Site "Yerevan"]
[Date "2020.01.17"]
[Round "6"]
[White "Avetisyan, Mariam"]
[Black "Arakelyan, Nare"]
[Result "1-0"]
[WhiteElo "2163"]
[BlackElo "1913"]
[PlyCount "81"]
[EventDate "2020.01.12"]
[EventType "tourn"]
[EventRounds "9"]
[EventCountry "ARM"]
[SourceTitle "CBM 194 Extra"]
[Source "ChessBase"]
[SourceDate "2020.03.31"]
[SourceVersion "1"]
[SourceVersionDate "2020.03.31"]
[SourceQuality "1"]

1. d4 d5 2. c4 c6 3. cxd5 cxd5 4. Bf4 Nf6 5. e3 Nc6 6. Nc3 Bf5 7. Qb3 Na5 8. Qa4+ Bd7 9. Qc2 e6 10. Bd3 Nc6 11. a3 Be7 12. h3 0-0 13. Nf3 Rc8 14. 0-0 h6 15. Rac1 a6 16. Qe2 Be8 17. Rfd1 Na5 18. Ne5 b5 19. Bb1 Nd7 20. Nxd7 Qxd7 21. e4 dxe4 22. Qxe4 f5 23. Qd3 Bf6 24. Ne2 Nc4 25. Qb3 Bf7 26. Qa2 Qe7 27. b3 Nxa3 28. Bd3 a5 29. Qb2 b4 30. Rxc8 Rxc8 31. Rc1 Qb7 32. Be5 Bxe5 33. dxe5 Rd8 34. Bc4 Nxc4 35. Rxc4 Be8 36. Nf4 Bc6 37. Qc1 Bd5 38. Rc7 Qa8 39. Nh5 g5 40. Nf6+ Kf8 41. Qc5+ 1-0

[Event "Jermuk Asrian Memorial 12th"]
[Site "Jermuk"]
[Date "2019.06.11"]
[Round "1"]
[White "Kulaots, Kaido"]
[Black "Arakelyan, Nare"]
[Result "1-0"]
[WhiteElo "2574"]
[BlackElo "1927"]
[PlyCount "51"]
[EventDate "2019.06.11"]
[EventType "swiss"]
[EventRounds "9"]
[EventCountry "ARM"]
[SourceTitle "CBM 191 Extra"]
[Source "ChessBase"]
[SourceDate "2019.09.30"]
[SourceVersion "1"]
[SourceVersionDate "2019.09.30"]
[SourceQuality "1"]

1. e4 c5 2. Nf3 d6 3. d4 cxd4 4. Nxd4 Nf6 5. Nc3 a6 6. Be2 e5 7. Nf3 Be7 8. Bg5 Be6 9. Bxf6 Bxf6 10. Nd5 Nd7 11. 0-0 0-0 12. a4 Rc8 13. c3 Be7 14. Ne1 Nc5 15. Bf3 Bxd5 16. Qxd5 Qb6 17. Bg4 Qxb2 18. Ra2 Qxc3 19. Bxc8 Rxc8 20. Nc2 Rc6 21. Ne3 Qb4 22. Rc2 Qxa4 23. Rb1 Qxe4 24. Rxb7 Qxd5 25. Rb8+ Bf8 26. Nxd5 1-0

[Event "Poti op 13th"]
[Site "Poti"]
[Date "2018.07.19"]
[Round "8"]
[White "Shanya, Mishra"]
[Black "Arakelyan, Nare"]
[Result "1-0"]
[WhiteElo "1980"]
[BlackElo "1834"]
[PlyCount "69"]
[EventDate "2018.07.13"]
[EventType "swiss"]
[EventRounds "9"]
[EventCountry "GEO"]
[SourceTitle "CBM 185 Extra"]
[Source "ChessBase"]
[SourceDate "2018.07.29"]
[SourceVersion "1"]
[SourceVersionDate "2018.07.29"]
[SourceQuality "1"]

1. d4 d5 2. c4 c6 3. Nf3 Nf6 4. e3 Bg4 5. Nc3 e6 6. Qb3 Qb6 7. Ne5 Bf5 8. c5 Qc7 9. Bd3 Bxd3 10. Nxd3 Be7 11. 0-0 Ng4 12. g3 h5 13. e4 h4 14. exd5 exd5 15. f3 Nxh2 16. Bf4 Qc8 17. Kxh2 hxg3+ 18. Kxg3 Bh4+ 19. Kg2 Qf5 20. Rfe1+ Kd8 21. Red1 g5 22. Bd6 g4 23. f4 Kc8 24. Qc2 Nd7 25. Nb4 Qe6 26. Qe2 Qg6 27. Qd3 f5 28. Rh1 Nf6 29. Nxc6 Nh5 30. Rxh4 bxc6 31. Qa6+ Kd8 32. Rah1 Qe8 33. Qa5+ Kd7 34. Qc7+ Ke6 35. Rxh5 1-0

[Event "Poti op 13th"]
[Site "Poti"]
[Date "2018.07.13"]
[Round "1"]
[White "Arakelyan, Nare"]
[Black "Matsenko, Andrei"]
[Result "0-1"]
[WhiteElo "1834"]
[BlackElo "2299"]
[PlyCount "54"]
[EventDate "2018.07.13"]
[EventType "swiss"]
[EventRounds "9"]
[EventCountry "GEO"]
[SourceTitle "CBM 185 Extra"]
[Source "ChessBase"]
[SourceDate "2018.07.29"]
[SourceVersion "1"]
[SourceVersionDate "2018.07.29"]
[SourceQuality "1"]

1. e4 c6 2. d4 g6 3. Nf3 d5 4. e5 Bg4 5. Nc3 Bg7 6. Be3 e6 7. h3 Bxf3 8. Qxf3 Ne7 9. g4 c5 10. Nb5 0-0 11. dxc5 Nbc6 12. c3 Nxe5 13. Qg3 Nd7 14. h4 h6 15. h5 g5 16. f4 gxf4 17. Qxf4 e5 18. Qf3 f5 19. gxf5 e4 20. Qd1 Ne5 21. Nd6 Nf3+ 22. Kf2 Rxf5 23. Nxf5 Nxf5 24. Be2 Nxe3 25. Kxe3 Qg5+ 26. Kf2 e3+ 27. Kf1 Nd2+ 0-1

[Event "Yerevan op 2nd"]
[Site "Yerevan"]
[Date "2017.09.27"]
[Round "9"]
[White "Arakelyan, Nare"]
[Black "Adamyan, Mane"]
[Result "0-1"]
[WhiteElo "1772"]
[BlackElo "1636"]
[PlyCount "64"]
[EventDate "2017.09.19"]
[EventType "swiss"]
[EventRounds "9"]
[EventCountry "ARM"]
[SourceTitle "EXT 2018"]
[Source "ChessBase"]
[SourceDate "2017.10.13"]
[SourceVersion "1"]
[SourceVersionDate "2017.10.13"]
[SourceQuality "1"]

1. e4 e6 2. d4 d5 3. Nc3 Bb4 4. e5 c5 5. a3 Bxc3+ 6. bxc3 Ne7 7. Qg4 0-0 8. Bd3 Nbc6 9. Nf3 f5 10. exf6 Rxf6 11. Bg5 e5 12. Qh4 e4 13. Bxf6 gxf6 14. Qxf6 exd3 15. cxd3 Ng6 16. Qxd8+ Nxd8 17. dxc5 Nf4 18. Kd2 Bf5 19. Nh4 Bd7 20. Rab1 Nfe6 21. Nf5 Nc6 22. Ne3 d4 23. Nd5 Rf8 24. f3 Nxc5 25. Rhe1 Be6 26. Rb5 dxc3+ 27. Kxc3 Na4+ 28. Kd2 a6 29. Ne7+ Nxe7 30. Rxb7 Kf7 31. d4 Rd8 32. Kd3 Nc5+ 0-1

[Event "Yerevan op 2nd"]
[Site "Yerevan"]
[Date "2017.09.25"]
[Round "7"]
[White "Khachatryan, Veronika"]
[Black "Arakelyan, Nare"]
[Result "1-0"]
[WhiteElo "1595"]
[BlackElo "1772"]
[PlyCount "81"]
[EventDate "2017.09.19"]
[EventType "swiss"]
[EventRounds "9"]
[EventCountry "ARM"]
[SourceTitle "EXT 2018"]
[Source "ChessBase"]
[SourceDate "2017.10.13"]
[SourceVersion "1"]
[SourceVersionDate "2017.10.13"]
[SourceQuality "1"]

1. d4 Nf6 2. c4 g6 3. Nc3 Bg7 4. e4 d6 5. Be2 0-0 6. Bg5 Nbd7 7. Qd2 c5 8. d5 Qa5 9. Nf3 a6 10. 0-0 Rb8 11. a4 Qc7 12. Qc2 h6 13. Bh4 g5 14. Bg3 Nh5 15. Nd1 Nxg3 16. hxg3 Nf6 17. Ne3 e6 18. Rfe1 Bd7 19. Rad1 Rfd8 20. Bd3 b5 21. axb5 axb5 22. cxb5 Bxb5 23. Nc4 exd5 24. exd5 Nxd5 25. Bh7+ Kh8 26. Rxd5 Bxc4 27. Qxc4 Kxh7 28. b3 Rb4 29. Qd3+ Kg8 30. Rd1 Qb6 31. Nd2 Bd4 32. Re1 Be5 33. Rexe5 Ra8 34. Rxd6 Qa5 35. Re7 Qa1+ 36. Kh2 Qd1 37. Rxh6 Kf8 38. Qd7 Kg7 39. Rxf7+ Kxh6 40. Rh7+ Kg6 41. Qf7# 1-0

[Event "Yerevan Asrian Memorial 10th"]
[Site "Yerevan"]
[Date "2017.06.25"]
[Round "5"]
[White "Arakelyan, Nare"]
[Black "Chubar, Vladimir"]
[Result "0-1"]
[WhiteElo "1829"]
[BlackElo "2010"]
[PlyCount "87"]
[EventDate "2017.06.21"]
[EventType "swiss"]
[EventRounds "9"]
[EventCountry "ARM"]
[SourceTitle "EXT 2018"]
[Source "ChessBase"]
[SourceDate "2017.10.13"]
[SourceVersion "1"]
[SourceVersionDate "2017.10.13"]
[SourceQuality "1"]

1. e4 e6 2. d4 d5 3. Nc3 dxe4 4. Nxe4 Bd7 5. Nf3 Bc6 6. Bd3 Nd7 7. 0-0 Be7 8. Re1 Ngf6 9. Ng3 Bxf3 10. Qxf3 c6 11. Bd2 0-0 12. Rad1 Re8 13. c4 Qb6 14. Bc3 Bb4 15. c5 Qa5 16. Bxb4 Qxb4 17. a3 Qa5 18. b4 Qc7 19. a4 Nf8 20. b5 Ng6 21. Bc4 Rac8 22. Rb1 Red8 23. Qc3 Nf4 24. a5 N4d5 25. Qa1 Qf4 26. bxc6 bxc6 27. Rb7 a6 28. Qb2 g5 29. Bxd5 Rxd5 30. Ne2 Qh4 31. g3 Qe4 32. Rxf7 Kxf7 33. Qb7+ Nd7 34. Qxc8 Rxd4 35. Qxa6 Ne5 36. Nxd4 Qxe1+ 37. Qf1 Qe4 38. Qd1 Qxd4 39. Qb3 Qa1+ 40. Kg2 Qxa5 41. Qb7+ Kf6 42. f4 Qd2+ 43. Kh3 Nf3 44. Qc7 0-1

[Event "Yerevan Asrian Memorial 10th"]
[Site "Yerevan"]
[Date "2017.06.24"]
[Round "4"]
[White "Sayadyan, Edvard"]
[Black "Arakelyan, Nare"]
[Result "1-0"]
[WhiteElo "2048"]
[BlackElo "1829"]
[PlyCount "61"]
[EventDate "2017.06.21"]
[EventType "swiss"]
[EventRounds "9"]
[EventCountry "ARM"]
[SourceTitle "EXT 2018"]
[Source "ChessBase"]
[SourceDate "2017.10.13"]
[SourceVersion "1"]
[SourceVersionDate "2017.10.13"]
[SourceQuality "1"]

1. e4 e5 2. Nf3 Nc6 3. Bb5 a6 4. Ba4 Nf6 5. d3 d6 6. c3 g6 7. 0-0 Bg7 8. Re1 0-0 9. Nbd2 b5 10. Bb3 Na5 11. Bc2 c5 12. Nf1 Nc6 13. a4 Rb8 14. axb5 axb5 15. Bg5 b4 16. Ba4 Qb6 17. Bxc6 Qxc6 18. Bxf6 Bxf6 19. c4 Bg7 20. Ne3 Bd7 21. Nd5 Qb7 22. Qd2 Ra8 23. Qg5 f6 24. Qh4 Kf7 25. Nd2 Be6 26. Rxa8 Rxa8 27. f4 Ra2 28. fxe5 Rxb2 29. exf6 h5 30. fxg7 Kg8 31. Qd8+ 1-0

[Event "Yerevan op 1st"]
[Site "Yerevan"]
[Date "2016.10.09"]
[Round "8"]
[White "Arakelyan, Nare"]
[Black "Kocharyan, Hayk"]
[Result "0-1"]
[WhiteElo "1867"]
[BlackElo "1599"]
[PlyCount "80"]
[EventDate "2016.10.02"]
[EventType "swiss"]
[EventRounds "9"]
[EventCountry "ARM"]
[SourceTitle "EXT 2017"]
[Source "ChessBase"]
[SourceDate "2016.10.25"]
[SourceVersion "1"]
[SourceVersionDate "2016.10.25"]
[SourceQuality "1"]

1. e4 c5 2. Nc3 d6 3. Nge2 Nf6 4. d4 cxd4 5. Nxd4 Nc6 6. Bg5 e6 7. Qd2 Be7 8. 0-0-0 0-0 9. f4 e5 10. Ndb5 Bg4 11. Be2 Bxe2 12. Qxe2 a6 13. Nxd6 Bxd6 14. Nd5 Kh8 15. Rhf1 exf4 16. Kb1 Re8 17. Rd3 Rxe4 18. Qd1 Re6 19. Nxf4 Bxf4 20. Rxd8+ Rxd8 21. Qf3 Bxg5 22. a3 Rde8 23. Qf5 Re5 24. Qd3 Be3 25. g4 Re4 26. h3 h6 27. Qb3 R8e7 28. Rd1 Bg5 29. Rh1 Re1+ 30. Rxe1 Rxe1+ 31. Ka2 Re7 32. Qg3 Ne4 33. Qd3 Bf6 34. Qd5 g6 35. Kb3 Nd4+ 36. Kc4 b5+ 37. Kd3 Nf3 38. c3 Rd7 39. Kxe4 Rxd5 40. Kxd5 Nd2 0-1

[Event "Yerevan op 1st"]
[Site "Yerevan"]
[Date "2016.10.07"]
[Round "6"]
[White "Danielyan, Vahe"]
[Black "Arakelyan, Nare"]
[Result "1-0"]
[WhiteElo "2270"]
[BlackElo "1867"]
[PlyCount "73"]
[EventDate "2016.10.02"]
[EventType "swiss"]
[EventRounds "9"]
[EventCountry "ARM"]
[SourceTitle "EXT 2017"]
[Source "ChessBase"]
[SourceDate "2016.10.25"]
[SourceVersion "1"]
[SourceVersionDate "2016.10.25"]
[SourceQuality "1"]

1. e4 e5 2. Nf3 Nc6 3. Nc3 Nf6 4. Be2 Bc5 5. Nxe5 Bxf2+ 6. Kxf2 Nxe5 7. d4 Ng6 8. Rf1 d6 9. Kg1 h6 10. e5 dxe5 11. dxe5 Nxe5 12. Qxd8+ Kxd8 13. Bf4 Ng6 14. Rad1+ Bd7 15. Bg3 Re8 16. Bc4 Ne5 17. Bb3 Neg4 18. Rd3 Re3 19. Bf4 Rxd3 20. cxd3 Nh5 21. Bd2 f5 22. h3 Ngf6 23. Ne2 c5 24. Nf4 Nxf4 25. Bxf4 Rc8 26. Re1 Rc6 27. Bc4 a6 28. a4 Rc8 29. Bd2 Rc6 30. Re5 b5 31. axb5 axb5 32. Ba5+ Kc8 33. Bxb5 Rd6 34. Rxc5+ Kb7 35. Bc4 Nh5 36. Bc3 Nf4 37. Be5 1-0

[Event "Yerevan Asrian Memorial 9th"]
[Site "Yerevan"]
[Date "2016.06.22"]
[Round "7"]
[White "Sargsyan, Anna M"]
[Black "Arakelyan, Nare"]
[Result "1-0"]
[WhiteElo "1948"]
[BlackElo "1766"]
[PlyCount "97"]
[EventDate "2016.06.16"]
[EventType "swiss"]
[EventRounds "9"]
[EventCountry "ARM"]
[SourceTitle "CBM 173 Extra"]
[Source "ChessBase"]
[SourceDate "2016.08.29"]
[SourceVersion "1"]
[SourceVersionDate "2016.08.29"]
[SourceQuality "1"]

1. e4 e5 2. Nf3 Nc6 3. Bb5 a6 4. Ba4 Nf6 5. d4 b5 6. Bb3 Nxe4 7. 0-0 d5 8. dxe5 Be6 9. c3 Be7 10. Nd4 Nxe5 11. f3 Nc5 12. Qe2 Nc4 13. Bc2 Qd6 14. Re1 Bf6 15. b3 Nb6 16. Ba3 Nbd7 17. b4 Bxd4+ 18. cxd4 Nb7 19. Nd2 0-0 20. Nf1 Nd8 21. Ng3 Nc6 22. Qd2 a5 23. Nh5 Rfe8 24. Qg5 g6 25. f4 Qe7 26. Qh6 Qf8 27. Qg5 f6 28. Qg3 Qh6 29. f5 Qxh5 30. fxe6 Nf8 31. Qxc7 Ne7 32. Bd3 Qg4 33. Bxb5 Nxe6 34. Qd6 Nf4 35. g3 Nh3+ 36. Kg2 Nf5 37. Qxd5+ Kh8 38. Kh1 Red8 39. Qg2 Rab8 40. Be2 Qxd4 41. Qxh3 axb4 42. g4 Ne7 43. Rad1 Qe4+ 44. Bf3 Rxd1 45. Rxd1 Qc2 46. Qg3 Rb6 47. Qe1 Qc5 48. Bb2 Kg7 49. Bd4 1-0

[Event "Yerevan Asrian Memorial 9th"]
[Site "Yerevan"]
[Date "2016.06.21"]
[Round "6"]
[White "Arakelyan, Nare"]
[Black "Kshtoyan, Indat"]
[Result "1-0"]
[WhiteElo "1766"]
[BlackElo "1939"]
[PlyCount "63"]
[EventDate "2016.06.16"]
[EventType "swiss"]
[EventRounds "9"]
[EventCountry "ARM"]
[SourceTitle "CBM 173 Extra"]
[Source "ChessBase"]
[SourceDate "2016.08.29"]
[SourceVersion "1"]
[SourceVersionDate "2016.08.29"]
[SourceQuality "1"]

1. e4 c6 2. d4 g6 3. Nc3 Bg7 4. Be3 d6 5. Qd2 Nd7 6. Bd3 b5 7. Nge2 a6 8. 0-0 Ngf6 9. Bh6 0-0 10. Bxg7 Kxg7 11. f4 e5 12. dxe5 dxe5 13. f5 Qb6+ 14. Kh1 Ng4 15. h3 Nf2+ 16. Kh2 Rd8 17. Ng3 Nxd3 18. cxd3 f6 19. Rf3 g5 20. Nd1 Nc5 21. b4 Na4 22. Ne3 Qd4 23. Rc1 Bb7 24. Ng4 c5 25. Nh5+ Kf7 26. Nhxf6 h6 27. Nh5 Rh8 28. Qc2 c4 29. Re3 Rac8 30. dxc4 Rxc4 31. Qb3 Nb6 32. Rd1 1-0

[Event "Yerevan Asrian Memorial 9th"]
[Site "Yerevan"]
[Date "2016.06.20"]
[Round "5"]
[White "Babayan, Armine"]
[Black "Arakelyan, Nare"]
[Result "1-0"]
[WhiteElo "2169"]
[BlackElo "1766"]
[PlyCount "49"]
[EventDate "2016.06.16"]
[EventType "swiss"]
[EventRounds "9"]
[EventCountry "ARM"]
[SourceTitle "CBM 173 Extra"]
[Source "ChessBase"]
[SourceDate "2016.08.29"]
[SourceVersion "1"]
[SourceVersionDate "2016.08.29"]
[SourceQuality "1"]

1. e4 e5 2. Nf3 Nc6 3. Bb5 a6 4. Ba4 Nf6 5. d3 b5 6. Bb3 Be7 7. 0-0 d6 8. h3 Na5 9. Nc3 0-0 10. Be3 Nxb3 11. axb3 c5 12. Ne2 Re8 13. c4 Rb8 14. Qc2 Qb6 15. Ra2 Bf8 16. Nd2 Nh5 17. Nc3 g6 18. Qd1 Qd8 19. Qf3 Qh4 20. Nd5 f5 21. exf5 Nf4 22. fxg6 Bh6 23. gxh7+ Kxh7 24. Qe4+ Kh8 25. Bxf4 1-0

[Event "Yerevan Asrian Memorial 9th"]
[Site "Yerevan"]
[Date "2016.06.16"]
[Round "1"]
[White "Arakelyan, Nare"]
[Black "Bakunts, Rafael"]
[Result "0-1"]
[WhiteElo "1766"]
[BlackElo "2355"]
[PlyCount "88"]
[EventDate "2016.06.16"]
[EventType "swiss"]
[EventRounds "9"]
[EventCountry "ARM"]
[SourceTitle "CBM 173 Extra"]
[Source "ChessBase"]
[SourceDate "2016.08.29"]
[SourceVersion "1"]
[SourceVersionDate "2016.08.29"]
[SourceQuality "1"]

1. e4 e5 2. Nf3 Nc6 3. Bb5 a6 4. Ba4 Nf6 5. 0-0 Be7 6. Bxc6 dxc6 7. d3 Nd7 8. Nbd2 0-0 9. Nc4 f6 10. Nh4 Nc5 11. Nf5 Kh8 12. b3 Ne6 13. Qg4 Rf7 14. Be3 Bf8 15. h4 Nd4 16. Bxd4 Qxd4 17. h5 Qc3 18. Nce3 Bc5 19. Qe2 Be6 20. g4 g6 21. hxg6 hxg6 22. Ng3 Rh7 23. Kg2 Kg7 24. Rh1 Rah8 25. Rxh7+ Rxh7 26. Rh1 Rxh1 27. Nxh1 Qb2 28. a4 Bxe3 29. fxe3 Bxb3 30. a5 Qxc2 31. Kf3 Qxe2+ 32. Kxe2 b6 33. axb6 cxb6 34. d4 Be6 35. Nf2 a5 36. Kd3 b5 37. Kc3 Bc4 38. Nd1 Be2 39. Nf2 Kf7 40. Kd2 Bc4 41. Kc3 Ke7 42. Nd1 Be6 43. Nf2 g5 44. Kb2 b4 0-1